| 000 | 00617nam a2200169 i 4500 | ||
|---|---|---|---|
| 001 | 22352 | ||
| 003 | ES-MaACL | ||
| 005 | 20230906152658.0 | ||
| 007 | t| | ||
| 008 | 021202s1973 sp ||||1| spa d | ||
| 100 | 1 |
_aAlonso-Cortés, María de las Nieves. _920276 |
|
| 245 | 1 | 0 |
_aBiblioteca de la Universidad de Valladolid _b: memoria correspondiente al año 1972 / _cpor María de las Nieves Alonso-Cortés. |
| 260 |
_aValladolid : _b[s.n., _c1973] ( _fServer-Cuesta Imp.) |
||
| 300 |
_a22 p., 2 lám. ; _c28 cm. |
||
| 710 | 2 |
_aUniversidad de Valladolid. _bBiblioteca. _97335 |
|
| 852 |
_aES-MaACL _j2083-F-33 _bR.85796 |
||
| 999 |
_c22352 _d22352 |
||